Statistiques concernant Devinez le Pays Mystère #90

Cliquez ici pour prendre le quiz!

Statistiques générales

  • Ce quiz a été pris 293 fois
  • Le résultat moyen est 10 sur 17

Statistiques - réponses

Type de RéponseRéponse% Correct
Lettre TrouvéeI
94%
Lettre TrouvéeO
87%
Lettre TrouvéeU
82%
Lettre TrouvéeB
79%
Lettre TrouvéeT
79%
Lettre TrouvéeI
67%
Lettre Bien PlacéeO
60%
Lettre TrouvéeD
58%
Lettre Bien PlacéeU
45%
Lettre Bien PlacéeB
44%
Lettre Bien PlacéeD
44%
Lettre Bien PlacéeI
43%
Lettre Bien PlacéeT
42%
Lettre TrouvéeJ
41%
Pays MystèreDjibouti
39%
Lettre Bien PlacéeI
39%
Lettre Bien PlacéeJ
39%

Distribution des résultats

Percentile par nombre de réponses

% des personnes avec chaque résultat

Votre développement - résultats

Vous n’avez pas pris ce quiz